00904nac a22002411u 4500010001700000020001500017035002300032082001900055090001500074100003400089245006100123250001200184260006600196300005900262504005100321650001300372650001900385650002700404856008100431942002100512999001500533952011400548 a 2005047692 a0131499084 a(OCoLC)ocm6032148700a332.645bH8772 c2143d2143 aHull, John, 10aOptions, futures, and other derivatives /cJohn C. Hull. a6th ed. aUpper Saddle River, N.J. :bPearson/Prentice Hall,2006c2006. axxii, 789 p. :bill. ;c26 cm +e1 CD-ROM (4 3/4 in.). aIncludes bibliographical references and index. 0aFutures. 0aStock options. 0aDerivative securities.413Table of contents onlyuhttp://www.loc.gov/catdir/toc/fy0608/2005047692.html cNBk332.645H8772 c2143d2143 00104070aMAINbMAINc1STd2012-02-07ePurchasel0o332.645 HULp000002223r2025-07-15 00:00:00v279.70yNB